00920cam a22002411 4500001001300000003000400013005001700017008004100034010001700075035002000092040001700112041001300129042001200142050001700154100003700171245013700208260005100345300005000396500011500446600007000561700003000631999001700661ne 62000546 DLC20260227111735.0900525s1959 tu ac 000 0 tur  ane 62000546  a(OCoLC)21590707 aDLCcCUdDLC1 aturheng apremarc00aDA46.S7bL382 aLane-Poole, Stanley,d1854-1931.00aLord Stratford Canning'ın Türkiye hatıraları.cStanley Lane Pole'un kitabından özetleyip Türkçeye çeviren Can Yücel. aAnkara,bTürk Tarih Kurumu Basımevi,c1959. acliii, 278 p.billus. (1 col.) ports.c24 cm. aSummarized translation of The life of the Right Honourable Stratford Canning, Viscount Stratford de Redcliffe.20aStratford de Redcliffe, Stratford Canning,cViscount,d1786-1880.1 aYücel, Can,eed and tr. c45079d45079